[Reports and valuations on the Hardwick Estate, Barnes] (Record no. 116612)

MARC details
000 -LEADER
fixed length control field 00657ctm a22002175a 4500
001 - CONTROL NUMBER
control field L141132
008 - FIXED-LENGTH DATA ELEMENTS--GENERAL INFORMATION
fixed length control field 071030i19031908xxk eng u
035 ## - SYSTEM CONTROL NUMBER
System control number (Sirsi) u141132
041 0# - LANGUAGE CODE
Language code of text/sound track or separate title eng
110 2# - MAIN ENTRY--CORPORATE NAME
Corporate name or jurisdiction name as entry element James Robertson and Co.
9 (RLIN) 5427
245 01 - TITLE STATEMENT
Title [Reports and valuations on the Hardwick Estate, Barnes]
Medium [manuscript]
260 ## - PUBLICATION, DISTRIBUTION, ETC.
Date of publication, distribution, etc. 1903 and 1908
300 ## - PHYSICAL DESCRIPTION
Extent 2 items
Other physical details typescript
Dimensions 33 x 20 cm.
340 ## - PHYSICAL MEDIUM
Material base and configuration Typescript
351 ## - ORGANIZATION AND ARRANGEMENT OF MATERIALS
Hierarchical level Single item
500 ## - GENERAL NOTE
General note Reports dated 5 February 1903 and 10 December 1908.
651 4# - SUBJECT ADDED ENTRY--GEOGRAPHIC NAME
Geographic name London
690 ## - LOCAL SUBJECT ADDED ENTRY--TOPICAL TERM (OCLC, RLIN)
Topical term or geographic name as entry element PROPERTY-PROPERTY APPRAISAL AND VALUATION
710 2# - ADDED ENTRY--CORPORATE NAME
Corporate name or jurisdiction name as entry element Willoughby J. Lodge
9 (RLIN) 5428
942 ## - ADDED ENTRY ELEMENTS (KOHA)
Suppress in OPAC 0
Holdings
Withdrawn status Lost status Source of classification or shelving scheme Damaged status Not for loan Home library Current library Shelving location Date acquired Total Checkouts Full call number Barcode Date last seen Copy number Price effective from Koha item type
    Dewey Decimal Classification     London London Basement 30/10/2007   BASEMENT BOX 5 141132-1001 06/08/2019 1 06/08/2019 Archive